Music Quiz

Random Music or Numbers Quiz

Songs of Artists with Most #1 Hits Quiz Stats

 Plays Quiz not verified by Sporcle

Score 0/148 Timer 10:00
0 Plays Today
Artist/Group Number-One Hits % Correct
MadonnaLike a Virgin
70%
Michael JacksonBillie Jean
68.8%
The BeatlesHey Jude
65.7%
Michael JacksonBeat It
65.2%
Michael JacksonBad
65%
Elvis PresleyDon't
64.5%
Michael JacksonBen
61.9%
Whitney HoustonI Will Always Love You
59%
MadonnaLike a Prayer
57.6%
MadonnaVogue
56.2%
The BeatlesI Want to Hold Your Hand
55.5%
The BeatlesLet It Be
55.5%
Mariah CareyHero
55.5%
Elvis PresleyJailhouse Rock
53.8%
The BeatlesHelp!
53.6%
The BeatlesYesterday
52.6%
Mariah CareyWe Belong Together
52.4%
Michael JacksonBlack or White
52.4%
MadonnaMusic
50.7%
Whitney HoustonI Wanna Dance with Somebody
48.1%
Mariah CareyVision of Love
47.9%
MadonnaPapa Don't Preach
46.4%
UsherYeah!
46%
Mariah CareyFantasy
45.5%
Michael JacksonRock with You
45.2%
The BeatlesShe Loves You
44.3%
Mariah CareyDreamlover
44.3%
Michael JacksonMan in the Mirror
44%
The BeatlesCome Together
43.8%
Mariah CareyHoney
43.3%
Mariah CareyTouch My Body
43.3%
Elvis PresleyHeartbreak Hotel
43.3%
Mariah CareyAlways Be My Baby
42.9%
The Bee GeesStayin' Alive
42.6%
Stevie WonderSuperstition
42.4%
Elton JohnSomething About the Way You Look Tonight/Candle in the Wind 1997
42.4%
The SupremesBaby Love
41.9%
Michael JacksonDirty Diana
41.7%
Mariah CareyHeartbreaker
40.2%
UsherBurn
39.3%
The BeatlesLove Me Do
39%
Mariah CareyI'll Be There
39%
Mariah CareyOne Sweet Day
38.8%
Michael JacksonDon't Stop 'til You Get Enough
38.8%
Michael JacksonYou Are Not Alone
38.8%
The BeatlesA Hard Day's Night
38.6%
Mariah CareyEmotions
37.9%
Janet JacksonAll for You
37.9%
Whitney HoustonGreatest Love of All
37.6%
The BeatlesPenny Lane
36.9%
Artist/Group Number-One Hits % Correct
The BeatlesCan't Buy Me Love
36.4%
Michael JacksonThe Way You Make Me Feel
36%
Janet JacksonBlack Cat
36%
The BeatlesThe Long and Winding Road
35.2%
The SupremesStop! In the Name of Love
35%
UsherOMG
35%
UsherConfessions Part II
34.8%
Elton JohnCrocodile Rock
34%
Whitney HoustonHow Will I Know
33.8%
Janet JacksonEscapade
33.8%
Mariah CareySomeday
33.6%
Whitney HoustonExhale (Shoop Shoop)
33.3%
MadonnaThis Used to Be My Playground
33.1%
Janet JacksonThat's the Way Love Goes
32.9%
Stevie WonderI Just Called to Say I Love You
31.7%
The BeatlesPaperback Writer
31.4%
Elvis PresleyLove Me Tender
31.4%
MadonnaJustify My Love
31.4%
Janet JacksonTogether Again
31.2%
The BeatlesAll You Need Is Love
31%
MadonnaTake a Bow
30.5%
Janet JacksonAgain
30.5%
The Bee GeesHow Deep Is Your Love?
30.5%
Mariah CareyMy All
30.2%
The BeatlesTicket to Ride
30%
Mariah CareyLove Takes Time
29.8%
MadonnaCrazy for You
29.3%
The BeatlesGet Back
29%
Elvis PresleySuspicious Minds
29%
Michael JacksonSay Say Say
29%
Mariah CareyThank God I Found You
28.6%
The Bee GeesNight Fever
28.6%
Whitney HoustonSaving All My Love for You
28.3%
The BeatlesEight Days a Week
28.1%
Michael JacksonI Just Can't Stop Loving You
28.1%
Janet JacksonMiss You Much
28.1%
UsherMy Boo
28.1%
UsherLove in This Club
27.1%
Janet JacksonDoesn't Really Matter
26.4%
UsherU Got It Bad
26.4%
UsherU Remind Me
26.2%
Mariah CareyDon't Forget About Us
26%
The SupremesWhere Did Our Love Go
26%
Mariah CareyI Don't Wanna Cry
25.7%
Elvis PresleyDon't Be Cruel
25.7%
The BeatlesHello, Goodbye
25.5%
Elton JohnBennie and the Jets
25.5%
MadonnaLive to Tell
25%
MadonnaOpen Your Heart
24.8%
Elvis PresleyAll Shook Up
24.3%
Artist/Group Number-One Hits % Correct
Janet JacksonWhen I Think of You
24.3%
The BeatlesI Feel Fine
23.8%
The SupremesYou Can't Hurry Love
23.3%
Whitney HoustonI'm Your Baby Tonight
22.9%
Janet JacksonLove Will Never Do (Without You)
22.1%
The Bee GeesJive Talkin'
21.9%
UsherNice and Slow
21.9%
Whitney HoustonAll the Man That I Need
21.7%
Elvis PresleyAre You Lonesome Tonight?
21.4%
MadonnaWho's That Girl
20.7%
Stevie WonderSir Duke
20.7%
Whitney HoustonSo Emotional
20.5%
Elvis Presley(Let Me Be Your) Teddy Bear
19.3%
Stevie WonderFingertips - Part 2
18.6%
Stevie WonderEbony and Ivory
18.3%
The BeatlesWe Can Work It Out
17.9%
Whitney HoustonDidn't We Almost Have It All
17.9%
Elton JohnPhiladelphia Freedom
17.1%
Whitney HoustonWhere Do Broken Hearts Go
16.4%
Elton JohnLucy in the Sky with Diamonds
16%
Elton JohnDon't Go Breaking My Heart
15.7%
The Bee GeesYou Should Be Dancing
15.5%
Stevie WonderPart-Time Lover
15.2%
Elton JohnDon't Let the Sun Go Down on Me
14.8%
Stevie WonderI Wish
14.5%
The Bee GeesTragedy
14.5%
The SupremesLove Child
13.6%
Elvis PresleyBlue Christmas
12.6%
The SupremesI Hear a Symphony
12.1%
Stevie WonderYou Are the Sunshine of My Life
12.1%
The SupremesSomeday We'll Be Together
11.9%
Stevie WonderThat's What Friends Are For
11.9%
Elton JohnThat's What Friends Are For
11.9%
The SupremesCome See About Me
10.7%
The SupremesThe Happening
10%
Elton JohnIsland Girl
10%
The SupremesYou Keep Me Hangin' On
8.8%
The Bee GeesHow Can You Mend a Broken Heart?
8.8%
The Bee GeesToo Much Heaven
8.3%
Elvis PresleyIt's Now or Never
7.9%
The SupremesLove Is Here and Now You're Gone
6.9%
Elvis PresleyA Big Hunk o' Love
5.7%
Elvis PresleySurrender
5.7%
The SupremesBack in My Arms Again
5%
Elvis PresleyGood Luck Charm
4.5%
Elvis PresleyStuck on You
3.6%
The Bee GeesLove You Inside Out
3.6%
Stevie WonderYou Haven't Done Nothin'
3.3%

You're not logged in!

Compare scores with friends on all Sporcle quizzes.
OR
Log In

Show Comments

Extras

Top Quizzes Today


Score Distribution

Your Account Isn't Verified!

In order to create a playlist on Sporcle, you need to verify the email address you used during registration. Go to your Sporcle Settings to finish the process.

Report this User

Report this user for behavior that violates our Community Guidelines.

Details: